Digitální technologie v hudební tvorbě pro akustické nástroje /

Hlavní autor: Agostinho, Gilberto, 1986-
Další autoři: Rataj, Jakub, 1984-, Hejl, Matouš, 1989-
Jazyk: Čeština
Vydáno: Praha : NAMU, 2016
Vydání: 1. vydání
Témata:
Fyzický popis: 139 stran : ilustrace (některé barevné), noty ; 22 cm
Language note: Anglická resumé
Knihy
Uloženo v:
LEADER 01855nam a2200517 i 4500
001 nkc20172893031
003 CZ PrNK
005 20190420162718.0
007 ta
008 170419s2016 xr ag f 001 0 cze
015 |a cnb002893031 
020 |a 978-80-7331-419-4  |q (brožováno) 
035 |a (OCoLC)989931450 
040 |a ABA001  |b cze  |e rda 
041 1 |a cze  |b eng  |h eng 
072 7 |a 78  |x Hudba  |2 Konspekt  |9 9 
080 |a 78-028.77  |2 MRF 
080 |a 793.3  |2 MRF 
080 |a 004-027.22  |2 MRF 
080 |a (048.8)  |2 MRF 
100 1 |a Agostinho, Gilberto,  |d 1986-  |7 xx0221643  |4 aut 
245 1 0 |a Digitální technologie v hudební tvorbě pro akustické nástroje /  |c Gilberto Agostinho, Jakub Rataj ; překlad textu Gilberta Agostinha z angličtiny: Matouš Hejl 
250 |a 1. vydání 
264 1 |a Praha :  |b NAMU,  |c 2016 
300 |a 139 stran :  |b ilustrace (některé barevné), noty ;  |c 22 cm 
336 |a text  |b txt  |2 rdacontent 
337 |a bez média  |b n  |2 rdamedia 
338 |a svazek  |b nc  |2 rdacarrier 
504 |a Obsahuje bibliografie, bibliografické odkazy a rejstřík 
546 |a Anglická resumé 
650 0 7 |a experimentální hudba  |7 ph451070  |2 czenas 
650 0 7 |a tanec  |7 ph126430  |2 czenas 
650 0 7 |a digitální technologie  |7 ph606726  |2 czenas 
650 0 9 |a experimental music  |2 eczenas 
650 0 9 |a dance  |2 eczenas 
650 0 9 |a digital technologies  |2 eczenas 
655 7 |a monografie  |7 fd132842  |2 czenas 
655 9 |a monographs  |2 eczenas 
700 1 |a Rataj, Jakub,  |d 1984-  |7 mzk2015863609  |4 aut 
700 1 |a Hejl, Matouš,  |d 1989-  |7 xx0209022  |4 trl 
910 2 |a BOA001  |b 2-1392.327 
928 9 |a Akademie múzických umění v Praze 
928 9 |a Nakladatelství AMU 
990 |a BK 
995 |a 01 
996 6 |b 2610713969  |c 2-1392.327  |l MZK  |r Sklad / do 1 hodiny  |n 1  |p p.v.  |w 001621147  |u 000010  |a 1  |e BOA001  |j MZK50  |s P